Introduction a l'étude d'Avalokiteçvara

Saved in:  
Bibliographic Details
Main Author: Mallmann, Marie-Thérèse de 1909-1975 (Author)
Format: Print Book
Language:French
Subito Delivery Service: Order now.
Check availability: HBZ Gateway
WorldCat: WorldCat
Interlibrary Loan:Interlibrary Loan for the Fachinformationsdienste (Specialized Information Services in Germany)
Published: Paris Civlilisations du Sud 1948
In: Annales du Musée Guimet / Bibliothèque d'études (57)
Year: 1948
Series/Journal:Annales du Musée Guimet Bibliothèque d'études 57

MARC

LEADER 00000cam a22000002c 4500
001 1168263948
003 DE-627
005 20251225181954.0
007 tu
008 020416s1948 xx ||||| 00| ||fre c
035 |a (DE-627)1168263948 
035 |a (DE-576)098263943 
035 |a (DE-599)BSZ098263943 
035 |a (OCoLC)06989100 
040 |a DE-627  |b ger  |c DE-627  |e rakwb 
041 |a fre 
082 0 |a 293.55 
084 |a 0  |2 ssgn 
100 1 |8 1\p  |0 (DE-588)1048703355  |0 (DE-627)781098467  |0 (DE-576)403011744  |4 aut  |a Mallmann, Marie-Thérèse de  |d 1909-1975 
109 |a Mallmann, Marie-Thérèse de 1909-1975  |a Mallmann, Marie Thérèse de 1909-1975  |a De Mallmann, Marie-Thérèse 1909-1975 
245 1 0 |a Introduction a l'étude d'Avalokiteçvara  |c Marie-Thérèse de Mallmann 
264 1 |a Paris  |b Civlilisations du Sud  |c 1948 
300 |a 348 S., 32 Bl.  |b Ill. 
336 |a Text  |b txt  |2 rdacontent 
337 |a ohne Hilfsmittel zu benutzen  |b n  |2 rdamedia 
338 |a Band  |b nc  |2 rdacarrier 
490 1 |a Annales du Musée Guimet  |a Bibliothèque d'études  |v 57 
583 1 |a Archivierung prüfen  |c 20200919  |f DE-640  |z 2  |2 pdager 
583 1 |a Archivierung/Langzeitarchivierung gewährleistet  |f SSG  |x XA-DE-BW  |2 pdager  |5 DE-21 
810 2 |a Musée National des Arts Asiatiques Guimet  |t Annales du Musée Guimet / Bibliothèque d'études  |v 57  |9 57  |w (DE-627)130010839  |w (DE-576)015555755  |w (DE-600)418579-1  |7 am 
883 |8 1\p  |a cgwrk  |d 20241001  |q DE-101  |u https://d-nb.info/provenance/plan#cgwrk 
935 |a mteo 
951 |a BO 
ELC |b 1 
ITA |a 1  |t 1 
LOK |0 000 xxxxxcx a22 zn 4500 
LOK |0 001 2665643952 
LOK |0 003 DE-627 
LOK |0 004 1168263948 
LOK |0 005 20130326171703 
LOK |0 008 110224||||||||||||||||ger||||||| 
LOK |0 040   |a DE-21  |c DE-627  |d DE-21 
LOK |0 852   |a DE-21 
LOK |0 852 1  |c Fp 1225-57.1948  |9 00 
LOK |0 935   |a dika  |a tub3  |a theo 
LOK |0 939   |a 24-02-11  |b l01 
ORI |a SA-MARC-ixtheoa001.raw 
REL |a 1 
SUB |a REL